| 000 | 00913nam a22002657a 4500 | ||
|---|---|---|---|
| 005 | 20121112120855.0 | ||
| 008 | 121112t xxu||||| |||| 00| 0 eng d | ||
| 010 | _aENG-106163 | ||
| 020 |
_a9781259027239 _c999.00 |
||
| 020 |
_a1259027236 _c999.00 |
||
| 035 | _aEN-89696 | ||
| 037 | _bDBAD / PUB | ||
| 040 |
_aDPL _bEng |
||
| 082 | _a000 | ||
| 100 |
_aSharma, Arun _953534 |
||
| 245 |
_aTest series for the CAT online / _cby Arun Sharma [and] Meenakshi Upadhyay |
||
| 250 | _a2nd ed | ||
| 260 |
_aNew Delhi _bTata McGraw-Hill _c2012 |
||
| 270 |
_a7 West Patel Nagar _bNew Delhi _e110008 |
||
| 300 |
_avarious pagings : _c27cm(pbk) _bill. |
||
| 490 |
_aTata McGraw-Hill's winning edge series _91235 |
||
| 700 |
_aUpadhyay, Meenakshi _953580 |
||
| 942 |
_2ddc _cEN _h000 _mSHA |
||
| 999 |
_c71426 _d71426 |
||